000 00688nam a2200289Ia 4500
005 20260324141016.0
008 008 260324s9999 xx 000 0 eng d
020 _a9781315805207
037 _aEBOOK
040 _aCRL
040 _beng
040 _cCRL
041 _2eng
041 _aeng
084 _qCRL
100 _aRick Briggs
_91206571
245 0 _aCaregiving Daughters
245 0 _bAccepting the Role of Caregiver for Elderly Parents
260 _bTaylor and Francis
260 _c1998
365 _a
365 _b230
856 _uhttp://www.taylorfrancis.com/books/9781315805207
942 _cEBOOK
999 _c1809219
_d1809219